| 000 | 00530nam a2200157Ia 4500 | ||
|---|---|---|---|
| 008 | 210716s2006 xx 000 0 und d | ||
| 020 | _a8120329546 | ||
| 041 | _aeng | ||
| 082 | _a621.3916 MAZM | ||
| 100 | _aMazidi, Muhammad Ali;Mazidi, Janice Gillispie;Mckinlay, Rolin D. | ||
| 245 |
_a8051 microcontroller and embedded systems: using assembly and c. _bUsing assembly and c. |
||
| 250 | _a2 | ||
| 260 |
_aNew Delhi _bPrentice Hall of India PVt Ltd _c2006 |
||
| 300 | _axiii,626 | ||
| 650 | _aMicrocontrollers & Microprocessors | ||
| 999 |
_c187531 _d187531 |
||